Python 3 for absolute beginners (Record no. 919770)

MARC details
000 -LEADER
fixed length control field 00428nam a2200157Ia 4500
008 - FIXED-LENGTH DATA ELEMENTS--GENERAL INFORMATION
fixed length control field 231031s2023 xx 000 0 und d
020 ## - INTERNATIONAL STANDARD BOOK NUMBER
International Standard Book Number 9781484289808
041 ## - LANGUAGE CODE
Language code of text/sound track or separate title eng
082 ## - DEWEY DECIMAL CLASSIFICATION NUMBER
Classification number 005.133/HAL/STA
100 ## - MAIN ENTRY--PERSONAL NAME
Personal name Hall, Timothy, 1968-; Stacey, J-P; SpringerLink
245 ## - TITLE STATEMENT
Title Python 3 for absolute beginners
250 ## - EDITION STATEMENT
Edition statement 1st Ed.
260 ## - PUBLICATION, DISTRIBUTION, ETC.
Place of publication, distribution, etc. New York
Name of publisher, distributor, etc. Apess
Date of publication, distribution, etc. 2023
300 ## - PHYSICAL DESCRIPTION
Extent 295
650 ## - SUBJECT ADDED ENTRY--TOPICAL TERM
Topical term or geographic name entry element Computer program language
Holdings
Withdrawn status Lost status Damaged status Not for loan Home library Current library Date acquired Cost, normal purchase price Total Checkouts Full call number Barcode Date last seen Price effective from Koha item type
        BVDU Department of Engineering and Technology off Campus , Navi Mumbai BVDU Department of Engineering and Technology off Campus , Navi Mumbai 02/02/2023 899.00   005.133/HAL/STA ETM-E3156 31/10/2023 31/10/2023 Book